| 000 | 00803nam a22001697a 4500 | ||
|---|---|---|---|
| 003 | BD-DhUL | ||
| 005 | 20170516145650.0 | ||
| 008 | 170516b xxu||||| |||| 00| 0 eng d | ||
| 040 |
_cBD-DhUL _dBD-DhUL |
||
| 082 |
_a891.441009 _bKOB |
||
| 100 | 1 | _aশামসুজ্জামান খান | |
| 245 |
_aকবি মইনুদ্দীন জন্মশত বার্ষিকী স্মারক গ্রন্থ / _cশামসুজ্জামান খান |
||
| 260 |
_aঢাকা : _bকবি মঈনুদ্দীন জন্মশত বার্ষিকী উদযাপন কমিটি , _c২০০১. |
||
| 300 |
_a৪৪৮পৃ. : _c২৬সেমি. |
||
| 650 | 0 |
_2বাংলা কবিতা _aবাংলা কবিতা |
|
| 942 |
_2ddc _cBK |
||
| 999 |
_c197687 _d197687 |
||